000 00496nam a2200169Ia 4500
008 240729s9999 xx 000 0 und d
022 _a1654-6369
245 0 _aEthics & Global Politics
260 _aUnited Kingdom
260 _bTaylor & Francis Group
650 _a Ethics
650 _a Political science (General) | Philosophy. Psychology. Religion
650 _aPolitical science
856 _uhttps://doaj.org/toc/056e3d8a99ac45b6b54d77875ab71955
942 _2ddc
942 _cDOAJEJ
999 _c66275
_d66275
945 _a1
_bMadushi Gamage
_c1
_dMadushi Gamage